Ochrana názvu a dobrej povesti právnickej osoby
Všeobecná charakteristika ochrany názvu a dobrej povesti právnickej osoby. Názov právnickej osoby. Dobrá povesť právnickej osoby. Právne prostriedky ochrany názvu a dobrej povesti podľa občianskeho zákonníka, podľa obchodného zákonníka a podľa tlačového zákona. Názov právnickej osoby a ochranná znám...
Guardado en:
| Autor principal: | |
|---|---|
| Formato: | Capítulo de libro |
| Lenguaje: | eslovaco |
| Materias: | |
| Etiquetas: |
Sin Etiquetas, Sea el primero en etiquetar este registro!
|
MARC
| LEADER | 00000naa a2200000 4500 | ||
|---|---|---|---|
| 001 | r040178 | ||
| 005 | 20230728094936.4 | ||
| 041 | 0 | |a slo | |
| 044 | |a SK | ||
| 245 | 1 | 0 | |a Ochrana názvu a dobrej povesti právnickej osoby |c Peter Vojčík |
| 520 | |a Všeobecná charakteristika ochrany názvu a dobrej povesti právnickej osoby. Názov právnickej osoby. Dobrá povesť právnickej osoby. Právne prostriedky ochrany názvu a dobrej povesti podľa občianskeho zákonníka, podľa obchodného zákonníka a podľa tlačového zákona. Názov právnickej osoby a ochranná známka. | ||
| 610 | 2 | 0 | |a meno obchodné |
| 610 | 2 | 0 | |a ochrana právna |
| 610 | 2 | 0 | |a známky ochranné |
| 610 | 2 | 0 | |a právo priemyselné |
| 610 | 2 | 0 | |a osoby právnické |
| 610 | 2 | 0 | |a zákonník obchodný |
| 610 | 2 | 0 | |a zákonník občiansky |
| 100 | 1 | |a Vojčík, Peter | |